| 000 -LEADER |
| fixed length control field |
01783cam a22003617a 4500 |
| 005 - DATE AND TIME OF LATEST TRANSACTION |
| control field |
20131028071236.0 |
| 008 - FIXED-LENGTH DATA ELEMENTS--GENERAL INFORMATION |
| fixed length control field |
080327r20052003iluab b 101 0 eng |
| 020 ## - INTERNATIONAL STANDARD BOOK NUMBER |
| International Standard Book Number |
0226065987 (cased) |
| 020 ## - INTERNATIONAL STANDARD BOOK NUMBER |
| International Standard Book Number |
0226066002 (pbk.) |
| 041 0# - LANGUAGE CODE |
| Language code of text/sound track or separate title |
eng |
| 080 ## - UNIVERSAL DECIMAL CLASSIFICATION NUMBER |
| Universal Decimal Classification number |
327 |
| 245 00 - TITLE STATEMENT |
| Title |
Globalization in historical perspective / |
| Statement of responsibility, etc |
edited by Michael D. Bordo, Alan M. Taylor, and Jeffrey G. Williamson. |
| 260 ## - |
| -- |
Chicago, Ill. : |
| -- |
University of Chicago Press, |
| -- |
2005, c2003. |
| 300 ## - |
| -- |
ix, 588 p. : |
| -- |
ill., maps ; |
| -- |
23 cm. |
| 440 #0 - |
| -- |
National Bureau of Economic Research conference report |
| 500 ## - |
| -- |
"The papers were presented at a pre-conference at the NBER in Cambridge, Massachusetts, on November 16, 2000, and at a final conference held at the Four Seasons Biltmore Hotel, Santa Barbara, California, on May 3-6, 2001." |
| 500 ## - |
| -- |
Originally published: 2003. |
| 504 ## - BIBLIOGRAPHY, ETC. NOTE |
| Bibliography, etc |
Includes bibliographical references and index. |
| 650 #0 - |
| -- |
Globalizimi |
| -- |
Aspektet ekonomike |
| -- |
Kongreset |
| 650 #0 - |
| -- |
Globalizimi |
| -- |
Aspektet sociale |
| 650 #0 - |
| -- |
Integrimi ekonomik ndërkombëtare |
| -- |
Kongreset |
| 650 #0 - |
| -- |
Marrëdhëniet ekonomike ndërkombëtare |
| -- |
Kongreset |
| 650 #0 - |
| -- |
Financat ndërkombëtare |
| -- |
Kongreset |
| 650 #0 - |
| -- |
Tregu ndërkombëtare |
| -- |
Social aspects. |
| 700 1# - |
| -- |
Bordo, Michael D. |
| 700 1# - |
| -- |
Taylor, Alan M., |
| -- |
1964- |
| 700 1# - |
| -- |
Williamson, Jeffrey G., |
| -- |
1935- |
| 710 2# - |
| -- |
National Bureau of Economic Research. |
| 856 42 - |
| -- |
Contributor biographical information |
| -- |
http://www.loc.gov/catdir/enhancements/fy0827/2008530565-b.html |
| 856 42 - |
| -- |
Publisher description |
| -- |
http://www.loc.gov/catdir/enhancements/fy0827/2008530565-d.html |
| 856 41 - |
| -- |
Table of contents only |
| -- |
http://www.loc.gov/catdir/enhancements/fy0827/2008530565-t.html |
| 942 ## - ADDED ENTRY ELEMENTS (KOHA) |
| Source of classification or shelving scheme |
|
| Item type |
Books |